000 00677cam a2200229 4500
001 ABS64325
008 010904n2001 000 0 eng u
035 _a(Sirsi) u114429
100 _aTotton, B
245 _aBearing up
260 _c2001
490 _aSurveyor
_v188(5644) 16 August 2001, 20-21(2)
520 _aExamines the method used to strengthen the Baydon Road over bridge over the M4. The work was carried out without having to close the M4 below.
590 _aABS
650 _aBRIDGES
650 _aSTRENGTHENING
650 _aLOAD BEARING
650 _aBAYDON ROAD
650 _aM4
690 _aBUILDING AND CONSTRUCTION-ENGINEERING
942 _n0
999 _c68154
_d68154